LEADER 01251nam a2200241 i 4500 001 000000129144 003 CaOOAMICUS 005 20040915000000.0 008 040915s1985 it u000 u ita u 013 $a101877 040 $aSeMil$bita 100 1 $aSinodo dei Vescovi <7. ; 1987>.$0(OLS)http://semarc/name/5813 245 10$aLineamenta :$bVocazione e Missione dei Laici nella Chiesa e nel mondo a vent'anni dal Concilio Vaticano 2. 300 $a39 p. ;$c27 cm. - + [2] fascicoletti. 490 0 $aSynodus Episcoporum 500 $aIn testa al front. : Il complemento al titolo precede il titolo. - In mezzo al front. : Annotazioni di mano del Cardinale Martini. 773 0 $aSinodo dei Vescovi <7. ; 1987>$tRelatio circa labores peractos in septimo coetu generali ordinario Synodi Episcoporum.$dE Civitate Vaticana : [s.n.], 1985-1987.$w()12121 830 0$aSynodus Episcoporum.$0(OLS)http://semarc/title/13886 850 $aSeMil 852 $aSeMil$W1$xVenegono$y1$mFV.E VII 155/2$j83274$B83274$CSeMilBibl$Z2$F86256 $8B 941 1 $a4 961 $aOmaggio: Martini Card. Carlo Maria 996 $6245$aLineamenta :$bVocazione e Missione dei Laici nella Chiesa e nel mondo a vent'anni dal Concilio Vaticano 2$9(OLS)http://semarc/title/190881 LEADER 01172nam a2200265 i 4500 001 000000197192 003 CaOOAMICUS 005 20110215000000.0 008 110215s1981 it u000 u ita u 013 $a175879 040 $aSeMil$bita 100 1 $aRizzi, Loris.$0(OLS)http://semarc/name/71392 245 13$aLa Resistenza in Lombardia /$cLoris Rizzi ... [et al.] ; premessa di Sergio Marvelli ; con una testimonianza di Leo Valiani. 260 $aFirenze :$bLe Monnier,$c1981. 300 $a347 p. ;$c21 cm. 490 0 $aQuaderni di storia ;$v52./4 650 4$aLombardia - Resistenza.$0(OLS)http://semarc/subject/36824 700 1 $aValiani, Leo,$d<1909-1999>.$0(OLS)http://semarc/name/18236 700 1 $aMarvelli, Sergio.$0(OLS)http://semarc/name/71393 830 0$aQuaderni di storia ;$v52./4.$0(OLS)http://semarc/title/17110 850 $aSeMil 852 $aSeMil$W1$xVenegono$y1$m3V IV 63$j147751$B147751$CSeMilBibl$Z2$F166482 $81 961 $aOmaggio: Grampa dott. Cesare 996 $6245$aLa Resistenza in Lombardia$9(OLS)http://semarc/title/284706 996 $6260$aFirenze :$bLe Monnier$9(OLS)http://semarc/publisher/30060